[Event "Lumpy Bumpy's Christmas Cracker 2012"]
[Site "SchemingMind.com"]
[Date "2012.12.23"]
[Round "-"]
[White "David Hartley"]
[Black "Archon"]
[Result "1-0"]
[WhiteCountry "ENG"]
[BlackCountry "CAN"]
[WhiteElo "1808"]
[WhiteRD "62"]
[BlackElo "1588"]
[BlackRD "59"]
[GameID "323566"]

1. e4 c6 2. d4 d5 3. exd5 cxd5 4. c4 Nf6 5. Nc3 e6 6. Nf3 Bb4 7. Bd3 Nc6 8. O-O O-O 9. a3 Bxc3 10. bxc3 b6
11. cxd5 exd5 12. Bb2 Bg4 13. Be2 Qd7 14. Re1 Bxf3 15. Bxf3 Rad8 16. Bc1 Na5 17. Bg5 Qd6 18. Re5 Nc4 19. Bxf6 Qxf6 20. Rxd5 Rxd5
21. Bxd5 Nd6 22. Qd2 Re8 23. Re1 h6 24. Rxe8+ Nxe8 25. Bf3 Nd6 26. Qd1 Nc4 27. Qc1 Qe6 28. h3 Kf8 29. a4 Ke7 30. Qf4 Nd6
31. Qe3 Qxe3 32. fxe3 Nc4 33. Kf2 Kd6 34. Bd1 Nd2 35. Ke2 Nc4 36. Bb3 Nb2 37. Kd2 a6 38. Kc2 Nxa4 39. Bxa4 b5 40. Bb3
1-0

[Event "Lumpy Bumpy's Christmas Cracker 2012"]
[Site "SchemingMind.com"]
[Date "2012.12.20"]
[Round "-"]
[White "Clive Everill"]
[Black "Archon"]
[Result "1-0"]
[WhiteCountry "CZE"]
[BlackCountry "CAN"]
[WhiteElo "1710"]
[WhiteRD "48"]
[BlackElo "1588"]
[BlackRD "59"]
[GameID "323567"]

1. e4 c6 2. Nf3 d5 3. Nc3 Bg4 4. h3 Bxf3 5. Qxf3 e6 6. d3 Nd7 7. Bd2 g6 8. g4 h6 9. O-O-O Bg7 10. Ne2 Qb6
11. Bc3 Kf8 12. Bxg7+ Kxg7 13. d4 dxe4 14. Qxe4 Ngf6 15. Qd3 Rhd8 16. f4 Nd5 17. c3 Qc7 18. f5 exf5 19. gxf5 N7f6 20. fxg6 fxg6
21. Rg1 Qf7 22. Ng3 Rd6 23. Nf5+
1-0

[Event "Lumpy Bumpy's Christmas Cracker 2012"]
[Site "SchemingMind.com"]
[Date "2012.12.23"]
[Round "-"]
[White "Olli Ylönen"]
[Black "Archon"]
[Result "1-0"]
[WhiteCountry "FIN"]
[BlackCountry "CAN"]
[WhiteElo "1847"]
[WhiteRD "53"]
[BlackElo "1588"]
[BlackRD "59"]
[GameID "323568"]

1. e4 c6 2. d4 d5 3. exd5 cxd5 4. c4 Nf6 5. Nc3 e6 6. Nf3 Bb4 7. cxd5 exd5 8. Bd3 Qe7+ 9. Ne5 Nbd7 10. O-O O-O
11. Re1 Bxc3 12. bxc3 Nxe5 13. Bg5 h6 14. Rxe5 Be6 15. Bh4 g5 16. Bxg5 hxg5 17. Rxg5+ Kh8 18. Qd2 Nh7 19. Rh5 f5 20. Re1 Qf7
21. Qh6 Rae8 22. g4 Re7 23. g5 Qg7 24. Rxe6 Rxe6 25. Qxe6 Rf6 26. Qxf6 Qxf6 27. gxf6
1-0

[Event "Lumpy Bumpy's Christmas Cracker 2012"]
[Site "SchemingMind.com"]
[Date "2012.12.19"]
[Round "-"]
[White "simpet"]
[Black "Archon"]
[Result "1/2-1/2"]
[WhiteCountry "ENG"]
[BlackCountry "CAN"]
[WhiteElo "1613"]
[WhiteRD "54"]
[BlackElo "1588"]
[BlackRD "59"]
[GameID "323569"]

1. e4 c6 2. d4 d5 3. e5 Bf5 4. Bd3 Bxd3 5. Qxd3 e6 6. Nf3 Qb6 7. O-O Qa6 8. Qxa6 Nxa6 9. Bg5 Be7 10. Nbd2 Bxg5
11. Nxg5 Ne7 12. f4 h6 13. Nh3 c5 14. c3 Rc8 15. Rac1 Kd7 16. a3 cxd4 17. cxd4 Nf5 18. Nf3 Nc7 19. Rc3 Nb5 20. Rb3 Nbxd4
21. Nxd4 Nxd4 22. Rxb7+ Rc7 23. Rxc7+ Kxc7 24. Rc1+ Kd7 25. Rc5 Rc8 26. Rxc8 Kxc8 27. Kf2 Kc7 28. Ke3 Nf5+ 29. Kd3 Kc6 30. g4 Ne7
31. Kd4 Kb5 32. Nf2 Nc6+ 33. Kc3 Na5 34. Nd3 Nc4 35. Kd4 a5 36. f5 Kc6 37. a4 Kd7 38. b4 axb4 39. Nxb4 Kc7 40. Na6+ Kd7
41. Nc5+ Ke7 42. h4 Na5 43. Nd3 Nc6+ 44. Kc5 Kd7 45. Kb6 exf5 46. gxf5 g5 47. fxg6 fxg6 48. a5 g5 49. hxg5 hxg5 50. a6 g4
51. Kc5 g3 52. Nf4 d4 53. a7 Nxa7 54. Kxd4=
1/2-1/2

[Event "Lumpy Bumpy's Christmas Cracker 2012"]
[Site "SchemingMind.com"]
[Date "2012.12.30"]
[Round "-"]
[White "Phillip Beckett"]
[Black "capablanca"]
[Result "1/2-1/2"]
[WhiteCountry "ENG"]
[BlackCountry "GER"]
[WhiteElo "1591"]
[WhiteRD "47"]
[BlackElo "1638"]
[BlackRD "55"]
[GameID "324030"]

1. e4 e5 2. Nf3 Nc6 3. Bb5 a6 4. Bxc6 dxc6 5. d4 exd4 6. Qxd4 Qxd4 7. Nxd4 c5 8. Nb3 Be6 9. Be3 b6 10. N1d2 Bd6
11. O-O-O Ne7 12. f3 Nc6 13. g3 O-O-O 14. a3 f5 15. exf5 Bxf5 16. Nc4 Be7 17. Rxd8+ Rxd8 18. Rd1 Rxd1+ 19. Kxd1 b5 20. Ncd2 c4
21. Nd4 Nxd4 22. Bxd4 g6 23. c3 Bd6 24. Ke2 Kd7 25. Ne4 Be7=
1/2-1/2

[Event "Lumpy Bumpy's Christmas Cracker 2012"]
[Site "SchemingMind.com"]
[Date "2013.01.01"]
[Round "-"]
[White "Phillip Beckett"]
[Black "Archon"]
[Result "0-1"]
[WhiteCountry "ENG"]
[BlackCountry "CAN"]
[WhiteElo "1591"]
[WhiteRD "47"]
[BlackElo "1588"]
[BlackRD "59"]
[GameID "324031"]

1. e4 d6 2. d4 Nf6 3. Nc3 g6 4. Nf3 Bg7 5. Be2 O-O 6. h3 b6 7. O-O Bb7 8. Bg5 c5 9. dxc5 bxc5 10. Nd2 Nc6
11. Bf3 h6 12. Be3 Rb8 13. Nc4 Nd7 14. Qd2 Nde5 15. Nxe5 Nxe5 16. Be2 Nc6 17. Bxh6 Nd4 18. Bxg7 Nxe2+ 19. Qxe2 Kxg7 20. f4 Qb6
21. Na4 Qc6 22. f5 Qxa4 23. fxg6 Qxe4 24. Qxe4 Bxe4 25. gxf7 Rxf7 26. Rxf7+ Kxf7 27. c3 Rxb2 28. Rf1+ Kg7 29. Rf2 Rxf2 30. Kxf2 Kg6
0-1

[Event "Lumpy Bumpy's Christmas Cracker 2012"]
[Site "SchemingMind.com"]
[Date "2012.12.30"]
[Round "-"]
[White "Phillip Beckett"]
[Black "David Hartley"]
[Result "1/2-1/2"]
[WhiteCountry "ENG"]
[BlackCountry "ENG"]
[WhiteElo "1591"]
[WhiteRD "47"]
[BlackElo "1808"]
[BlackRD "62"]
[GameID "324032"]

1. e4 e5 2. Nf3 Nc6 3. Bb5 Nf6 4. d3 d6 5. h3 Bd7 6. c3 a6 7. Ba4 Be7 8. O-O O-O 9. Nbd2 h6 10. Re1 b5
11. Bc2 Nh7 12. Nf1 f5 13. exf5 Bxf5 14. Ng3 Be6 15. Ne4 Bd5 16. Bb3 Bxb3 17. Qxb3+ Kh8 18. Qd5 Qd7 19. d4 Rad8 20. dxe5 dxe5
21. Qxd7 Rxd7 22. Be3 a5 23. Nc5 Rd5 24. Ne6 Rc8 25. Rad1 Rd6 26. Rxd6 Bxd6 27. Nc5 Rd8 28. Ne4 Be7 29. Re2 Nf6 30. Nxf6 Bxf6
31. Rd2 Rxd2=
1/2-1/2

[Event "Lumpy Bumpy's Christmas Cracker 2012"]
[Site "SchemingMind.com"]
[Date "2012.12.31"]
[Round "-"]
[White "Phillip Beckett"]
[Black "Clive Everill"]
[Result "0-1"]
[WhiteCountry "ENG"]
[BlackCountry "CZE"]
[WhiteElo "1591"]
[WhiteRD "47"]
[BlackElo "1710"]
[BlackRD "48"]
[GameID "324033"]

1. e4 c5 2. Nf3 d6 3. d4 Nf6 4. dxc5 Qa5+ 5. Nc3 Nxe4 6. Bd2 Nxc5 7. Bb5+ Ncd7 8. Bxd7+ Bxd7 9. O-O g6 10. Ne4 Qb5
11. Bc3 f6 12. Nd4 Qb6 13. Nb3 Nc6 14. Ng3 Bg7 15. Nd4 Ne5 16. Nf3 Ng4 17. h3 Nh6 18. Bd4 Qc7 19. Qd2 O-O 20. Bc3 Nf7
21. Ne4 Bc6 22. Ng3 Bxf3 23. gxf3 Ng5 24. Ne4 Nxf3+
0-1

[Event "Lumpy Bumpy's Christmas Cracker 2012"]
[Site "SchemingMind.com"]
[Date "2013.01.03"]
[Round "-"]
[White "Phillip Beckett"]
[Black "Olli Ylönen"]
[Result "0-1"]
[WhiteCountry "ENG"]
[BlackCountry "FIN"]
[WhiteElo "1591"]
[WhiteRD "47"]
[BlackElo "1847"]
[BlackRD "53"]
[GameID "324034"]

1. e4 c5 2. Nf3 d6 3. d4 cxd4 4. Nxd4 Nf6 5. Nc3 g6 6. Be3 Bg7 7. Qd2 Ng4 8. Bb5+ Bd7 9. Bxd7+ Nxd7 10. Bg5 O-O
11. f3 Qb6 12. Be3 Nxe3
0-1

[Event "Lumpy Bumpy's Christmas Cracker 2012"]
[Site "SchemingMind.com"]
[Date "2012.12.29"]
[Round "-"]
[White "Phillip Beckett"]
[Black "simpet"]
[Result "0-1"]
[WhiteCountry "ENG"]
[BlackCountry "ENG"]
[WhiteElo "1591"]
[WhiteRD "47"]
[BlackElo "1613"]
[BlackRD "54"]
[GameID "324035"]

1. e4 e5 2. Nf3 Nc6 3. Bb5 Nge7 4. d3 a6 5. Ba4 b5 6. Bb3 Bb7 7. c3 g6 8. O-O Bg7 9. Nbd2 O-O 10. a4 d5
11. exd5 Nxd5 12. axb5 axb5 13. Rxa8 Bxa8 14. Re1 Nf4 15. Ne4 Na5 16. Bxf4 exf4 17. Bc2 Re8 18. d4 Nc4 19. Qb1 f5 20. Ned2 Nxd2
21. Nxd2 Bh6 22. Rxe8+ Qxe8 23. Qa2+ Kh8 24. Nf1 f3 25. Bb3 fxg2 26. Ne3 Bxe3 27. Bd5 Bxd5 28. Qxd5 Bc1 29. Kxg2 Qe4+ 30. Qxe4 fxe4
31. b3 Bb2 32. c4 bxc4 33. bxc4 Bxd4 34. Kg3 e3 35. fxe3 Bxe3 36. Kg4 Kg7 37. h4 h5+ 38. Kf3 Ba7 39. Kf4 Kf6 40. Ke4 g5
0-1

[Event "Lumpy Bumpy's Christmas Cracker 2012"]
[Site "SchemingMind.com"]
[Date "2012.12.30"]
[Round "-"]
[White "capablanca"]
[Black "Phillip Beckett"]
[Result "1/2-1/2"]
[WhiteCountry "GER"]
[BlackCountry "ENG"]
[WhiteElo "1638"]
[WhiteRD "55"]
[BlackElo "1591"]
[BlackRD "47"]
[GameID "324036"]

1. d4 d5 2. c4 e6 3. Nc3 Nf6 4. Bg5 Be7 5. e3 h6 6. Bh4 O-O 7. Nf3 Ne4 8. Bxe7 Qxe7 9. Nxe4 dxe4 10. Nd2 f5
11. Be2 Nd7 12. a3 c5 13. dxc5 Nxc5 14. b4 Nd7 15. c5 Ne5 16. Nc4 Nxc4 17. Bxc4 Kh7 18. Qb3 Bd7 19. O-O Rfe8 20. Rad1 Rad8
21. Rd6 Bc8 22. Rfd1 Rxd6 23. Rxd6 g6 24. Qd1 Kg7 25. b5 Kf6 26. c6 bxc6 27. bxc6 Qc7 28. Qd4+ Kf7 29. h3 Re7 30. Rd8 Qxc6
31. Qh8 Re8 32. Rxe8 Qxe8 33. Qxe8+ Kxe8 34. Kf1= Ke7 35. h4 Bb7 36. g3 Bd5 37. Bb5 g5 38. hxg5 hxg5 39. Ke2 Kd6 40. Kd2 Kc5
41. Bd7 Kc4 42. Kc2 a5 43. Ba4 Kc5=
1/2-1/2

[Event "Lumpy Bumpy's Christmas Cracker 2012"]
[Site "SchemingMind.com"]
[Date "2013.01.01"]
[Round "-"]
[White "Archon"]
[Black "Phillip Beckett"]
[Result "1-0"]
[WhiteCountry "CAN"]
[BlackCountry "ENG"]
[WhiteElo "1600"]
[WhiteRD "60"]
[BlackElo "1555"]
[BlackRD "48"]
[GameID "324037"]

1. d4 d5 2. c4 e6 3. Nc3 Nf6 4. Bg5 Be7 5. Nf3 h6 6. Bxf6 Bxf6 7. e3 c6 8. Bd3 dxc4 9. Bxc4 O-O 10. O-O Nd7
11. Rc1 e5 12. dxe5 Nxe5 13. Nxe5 Bxe5 14. a3 Qxd1 15. Rfxd1 Bg4 16. Rd2 Rfd8 17. Rxd8+ Rxd8 18. f3 Bc8 19. Bb3 Kf8 20. Rc2 Ke7
21. Kf2 f6 22. Ke2 Bf5 23. Rc1 Bd3+ 24. Ke1 Bg6 25. e4 Bf4 26. Rd1 Rxd1+ 27. Nxd1 Be5 28. h3 Bf7 29. Bxf7 Kxf7 30. Kd2 Ke6
31. Kc2 Kd6 32. Ne3 Kc5 33. Nf5 g5 34. Nxh6 b5 35. Ng4 Bd4 36. Nh6 a5 37. Nf5 Be5 38. h4 gxh4 39. Nxh4 Kd4 40. Ng6 Ke3
41. b4 axb4 42. axb4 Kf2 43. Nxe5 fxe5 44. f4 exf4 45. e5 Kxg2 46. e6 f3 47. e7 f2 48. e8=Q f1=Q 49. Qxc6+ Kg3= 50. Qg6+ Kh2
51. Qh5+ Kg2= 52. Qg4+ Kh2 53. Qh4+ Kg2 54. Kd2 Qf5 55. Qd4 Qg5+ 56. Ke2 Qh5+ 57. Kd2 Qg5+ 58. Qe3 Qd5+ 59. Qd3= Qa2+ 60. Qc2 Qd5+
61. Ke1+ Kg3 62. Qc5 Qe4+ 63. Kd2 Qg2+ 64. Kd3 Qf1+ 65. Kd2 Qg2+ 66. Kc3 Qf3+ 67. Kd2 Qg2+ 68. Kc3= Qf1 69. Qe3+ Kg4 70. Qe4+ Kg3
71. Qd3+ Qf3 72. Qxf3+ Kxf3 73. Kd4 Kf4 74. Kc5 Ke5 75. Kxb5 Kd6 76. Kb6 Kd7 77. Kb7
1-0

[Event "Lumpy Bumpy's Christmas Cracker 2012"]
[Site "SchemingMind.com"]
[Date "2012.12.30"]
[Round "-"]
[White "David Hartley"]
[Black "Phillip Beckett"]
[Result "1-0"]
[WhiteCountry "ENG"]
[BlackCountry "ENG"]
[WhiteElo "1808"]
[WhiteRD "62"]
[BlackElo "1591"]
[BlackRD "47"]
[GameID "324038"]

1. e4 e5 2. f4 Qh4+ 3. g3 Qe7 4. d3 exf4 5. Bxf4 d5 6. Nc3 dxe4 7. dxe4 c6 8. Qe2 Nf6 9. O-O-O Bg4 10. Nf3 Nbd7
11. Bg2 O-O-O 12. h3 Bxf3 13. Bxf3 Ne5 14. Bg2 Rxd1+ 15. Rxd1 Nfd7 16. Qe3 f6 17. Qxa7 Qc5 18. Qxc5 Nxc5 19. Bxe5 fxe5 20. h4 Be7
21. b4 Ne6 22. Bh3
1-0

[Event "Lumpy Bumpy's Christmas Cracker 2012"]
[Site "SchemingMind.com"]
[Date "2012.12.31"]
[Round "-"]
[White "Clive Everill"]
[Black "Phillip Beckett"]
[Result "1/2-1/2"]
[WhiteCountry "CZE"]
[BlackCountry "ENG"]
[WhiteElo "1710"]
[WhiteRD "48"]
[BlackElo "1591"]
[BlackRD "47"]
[GameID "324039"]

1. e4 e5 2. Nc3 Nf6 3. f4 exf4 4. e5 Ng8 5. d4 d6 6. Bxf4 dxe5 7. Bxe5 Nc6 8. Nf3 Nxe5 9. Nxe5 Bd6 10. Nf3 Nf6
11. Bc4 O-O 12. O-O c5 13. d5 Bg4 14. Qd3 a6 15. a3 Qd7 16. Rae1 Rae8 17. Ng5 h6 18. Nf3 Rxe1 19. Rxe1 Re8 20. Rf1 Bxf3
21. Qxf3 Qe7 22. Kh1 Qe3 23. Qxe3 Rxe3 24. h3 Ne4 25. Nxe4 Rxe4 26. Bb3 Re2 27. a4 g6 28. Kg1 f5 29. Rf2 Rxf2 30. Kxf2=
1/2-1/2

[Event "Lumpy Bumpy's Christmas Cracker 2012"]
[Site "SchemingMind.com"]
[Date "2013.01.03"]
[Round "-"]
[White "Olli Ylönen"]
[Black "Phillip Beckett"]
[Result "1-0"]
[WhiteCountry "FIN"]
[BlackCountry "ENG"]
[WhiteElo "1847"]
[WhiteRD "53"]
[BlackElo "1591"]
[BlackRD "47"]
[GameID "324040"]

1. e4 e5 2. Nf3 Nc6 3. Bb5 a6 4. Ba4 Nf6 5. O-O Be7 6. Re1 b5 7. Bb3 O-O 8. c3 d5 9. exd5 Nxd5 10. Nxe5 Nxe5
11. Rxe5 Nf6 12. d4 Bd6 13. Re1 Ng4 14. h3 Qh4 15. Qf3 Nxf2 16. Bd2 Bb7 17. Qxb7 Nd3 18. Re2 Nf4 19. Rf2 Qg3 20. Bxf4 Bxf4
21. Qf3 Qh2+ 22. Kf1 Qh1+ 23. Ke2 Qc1 24. Kd3 c5 25. Bxf7+ Kh8 26. b3 c4+ 27. bxc4 bxc4+ 28. Bxc4 Rae8 29. Re2 Qd1+ 30. Rd2 Qxf3+
31. gxf3 Bxd2 32. Nxd2 a5 33. Rb1 Rb8 34. Rxb8 Rxb8 35. d5 g5 36. Nb3 a4 37. Nc5 a3 38. Ne6 Rb2 39. Nxg5 Rh2 40. d6 h6
41. d7
1-0

[Event "Lumpy Bumpy's Christmas Cracker 2012"]
[Site "SchemingMind.com"]
[Date "2012.12.29"]
[Round "-"]
[White "simpet"]
[Black "Phillip Beckett"]
[Result "1-0"]
[WhiteCountry "ENG"]
[BlackCountry "ENG"]
[WhiteElo "1613"]
[WhiteRD "54"]
[BlackElo "1591"]
[BlackRD "47"]
[GameID "324041"]

1. e4 e5 2. Nf3 Nc6 3. Bc4 Nf6 4. d3 Be7 5. O-O d6 6. Ng5 O-O 7. Nd2 h6 8. Ngf3 Bg4 9. h3 Bd7 10. Nh2 Nh7
11. f4 exf4 12. Rxf4 Bf6 13. Qh5 Be5 14. Rf1 Qg5 15. Bxf7+ Kh8 16. Qxg5 Nxg5 17. Bd5 Rxf1+ 18. Ndxf1 Nd4 19. Bxg5 hxg5 20. c3 Nc6
21. Ne3 Rf8 22. Rf1 Rxf1+ 23. Nhxf1 Nd8 24. d4 Bf6 25. Nf5 Bxf5 26. exf5 c6 27. Bf3 Kh7 28. Bh5 Kh6 29. g4 b6 30. Ng3 c5
31. d5 Nb7 32. Ne4 Be5 33. b4 cxb4 34. cxb4 a5 35. a3 axb4 36. axb4 Bf4 37. Kf2 Be5 38. Ke3 Bf4+ 39. Kd3 b5 40. f6 gxf6
41. Nxf6 Be5 42. Ne4 Kg7 43. Be8 Nd8 44. Bxb5 Bf4 45. Bc6
1-0